Statistics for Oceanian Islands

Click here to take the quiz!

General Stats

  • This quiz has been taken 44 times
  • The average score is 14 of 22

Answer Stats

ClueIsland% Correct
Two main islands of New ZealandNorth
95%
Two main islands of New ZealandSouth
95%
Honolulu's islandO'ahu
92%
World's smallest island nationNauru
92%
Appropriately known as "The Big Island"Hawai'i
86%
French Polynesia's biggest islandTahiti
84%
"Van Diemen's Land", formerlyTasmania
81%
Home to the Moai statuesEaster
78%
Where the U.S. tested nuclear
weapons from 1946–1958
Bikini
70%
Island nation that is in
free association with New Zealand
Niue
65%
Hagåtña is this territory's capitalGuam
65%
World's highest islandNew Guinea
62%
Home to more than half of Fiji's land
area and population
{Viti} Levu
59%
Vanuatu's main island / Brazilian stateEspiritu {Santo}
59%
Solomon Island that was site
of a bloody WWII battle
Guadalcanal
57%
Overwhelmingly voted to become
independent in 2019
Bougainville
54%
Second largest island of PNGNew Britain
49%
Home to Haleakala National ParkMaui
49%
HMS Bounty rediscovered it in 1790Pitcairn
46%
World's largest coral atoll, visited by
Captain Cook on 24 December 1777
Kiritimati
(Christmas)
27%
Main island of New CaledoniaGrande Terre
22%
World's largest sand islandFraser
16%

Score Distribution

Percentile by Number Answered

Percent of People with Each Score

Your Score History

You have not taken this quiz